Mereruka and King Teti : the power behind the throne /

محفوظ في:

المؤلف الرئيسي: Kanawati, Naguib.

مؤلفون آخرون: Hawass, Zahi A., Alexakis, Effy., Shafik, S.

التنسيق: كتاب

اللغة: English

منشور في: [Cairo?] : [Naguib Kanawati?], c2007.

الطبعة: 1st English ed.

الموضوعات:

الوسوم: إضافة وسم

لا توجد وسوم, كن أول من يضع وسما على هذه التسجيلة!

رقم الطلب: DT83 .K36

LEADER 01086nam a22003257a 4500
003 OSt
005 20260210114121.0
008 260210t2007 ua a b 001 0deng d
020 |a 9774376005 
020 |a 9789774376009 
040 |c ARCE Library 
043 |a f-ua--- 
050 1 4 |a DT83  |b .K36 
100 1 |a Kanawati, Naguib. 
245 1 0 |a Mereruka and King Teti :   |b the power behind the throne /   |c Naguib Kanawati ; preface by Zahi Hawass ; with photographic contributions by Effy Alexakis and drawings by Sameh Shafik. 
250 |a 1st English ed. 
264 1 |a [Cairo?] :  |b [Naguib Kanawati?],  |c c2007. 
300 |a 92 pages :   |b illustrations (chiefly color) ;   |c 30 cm. 
504 |a Includes bibliographical references (pages 89-90) and index. 
600 0 0 |a Teti,  |c King of Egypt. 
600 0 0 |a Mereruka. 
650 0 |a Tombs  |z Egypt  |x History. 
651 0 |a Egypt  |x Kings and rulers. 
651 0 |a Egypt  |x Antiquities. 
700 1 |a Hawass, Zahi A. 
700 1 |a Alexakis, Effy. 
700 1 |a Shafik, S.  |q (Sameh) 
901 |a reviewed 
942 |2 lcc  |c BK 
999 |c 55479  |d 55479